000 00600nam a2200169 a 4500
001 000036267
005 20200930075634.0
008 120112s1996 cl a 000 0 spa d
020 _a9582808594
040 _aDO-SdBNP
_bspa
_cBNPHU
082 _axxxx
_bxxxx
100 1 _aHerrera Téllez, Adriana
_962377
245 1 0 _aMiles de secretos útiles para el hogar :
_by otros aspectos de la vida diaria /
_cAdriana Herrera Téllez ; ilustración Juan Ramón Sierra.
260 _aColombia, :
_bCirculo de lectores,
_c1996.
300 _a422 p. :
_bil. ;
_c24 cm.
700 1 _aSierra, Juan Ramón,
_eil.
_962378
999 _c35758
_d35758